Normal view
MARC view
Entry Nombre geográfico
001 - NÚMERO DE CONTROL
- campo de control: 6118
003 - IDENTIFICADOR DE NÚMERO DE CONTROL
- campo de control: Biblioxarxa
005 - FECHA Y HORA DE LA ÚLTIMA TRANSACCIÓN
- campo de control: 20251119201630.0
008 - ELEMENTOS DE DATO DE LONGITUD-FIJA
- campo de control de longitud fija: 251119|| aca||aabn | a|a d
040 ## - FUENTE DE CATALOGACIÓN
- Centro catalogador/agencia de origen: Biblioxarxa
- Centro/agencia transcriptor: Biblioxarxa
151 ## - ENCABEZAMIENTO--NOMBRE GEOGRÁFICO
- Nombre geográfico: Japó
670 ## - FUENTE DE DATOS ENCONTRADOS
- Cita de la fuente: Work cat.: (Biblioxarxa)4540: 2300 Kishimoto, Masashi 1974-, Naruto Remix Vol. 7